[Event "DRUZYNOWE MISTRZOSTWA POLSKI JUNIOROW - II LIGA"]
[Site "Szczyrk, CKiR Orle Gniazdo ul. Wrzosowa 28a"]
[Date "2014-07-26"]
[Round "2.98"]
[White "Wojciechowski, Antoni"]
[Black "Michalski, Filip"]
[Result "0-1"]
[WhiteTitle "II+"]
[BlackTitle "I"]
[WhiteElo "1529"]
[BlackElo "1740"]

1. d4 e6 2. c4 d5 3. Nf3 Be7 4. g3 Nf6 5. Bg2 O-O 6. Nc3 a6 7. cxd5 exd5 8. O-O
c6 9. Qc2 Re8 10. Re1 Ne4 11. Nd2 Nxc3 12. bxc3 Nd7 13. e4 dxe4 14. Nxe4 Nb6 15.
Rb1 Be6 16. a4 Ra7 17. Nd2 Nc4 18. Nxc4 Bxc4 19. Bf4 Qd7 20. Qb2 b5 21. Ra1 Rea8
22. Bf1 Bd5 23. Bg2 Bxg2 24. Kxg2 h6 25. h4 Qd5+ 26. f3 Qc4 27. axb5 axb5 28.
Rxa7 Rxa7 29. Qc1 Ra2+ 30. Kh3 Bf6 31. Re8+ Kh7 32. Qb1+ g6 33. Qc1 Qd5 34. Qe3
Qf5+ 35. g4 Qc2 36. Qg1 Qxc3 37. Be3 Bxd4 38. Re7 Bxe3 39. Rxe3 Qd4 40. Qe1 Qf4
41. Qg1 Rh2+ 42. Qxh2 Qxe3 43. Qg2 b4 44. Kg3 Qe5+ 45. Kh3 b3 46. Qf1 b2 47. Qd3
Qd5 48. Qf1 Qb3 49. Kg3 b1=Q 0-1

[Event "DRUZYNOWE MISTRZOSTWA POLSKI JUNIOROW - II LIGA"]
[Site "Szczyrk, CKiR Orle Gniazdo ul. Wrzosowa 28a"]
[Date "2014-07-26"]
[Round "2.100"]
[White "Poltorak, Sebastian"]
[Black "Jedras, Adrianna"]
[Result "1-0"]
[WhiteTitle "II"]
[BlackTitle "II"]
[WhiteElo "1455"]
[BlackElo "1263"]

1. d4 d5 2. c4 Nf6 3. Nc3 e6 4. cxd5 exd5 5. Bg5 Be6 6. Qc2 Nbd7 7. e3 a6 8. Bd3
h6 9. Bh4 Be7 10. Nge2 O-O 11. O-O Kh8 12. Bg3 c5 13. dxc5 Nxc5 14. Nf4 Rc8 15.
Nxe6 Nxe6 16. Qd2 Bb4 17. Qe2 d4 18. Ne4 Nxe4 19. Bxe4 Nc5 20. Bf5 Rc6 21. a3
Ba5 22. b4 Qd5 23. e4 Qb3 24. bxa5 Re8 25. Rfb1 Qc3 26. Rc1 Qxa5 27. Qe1 Qd8 28.
Rd1 Qf6 29. f3 d3 30. Bf2 Qd6 31. Bxc5 Rxc5 32. Qe3 Rxf5 33. Qxd3 Qxd3 34. Rxd3
Rb5 35. Rc1 Re7 36. Rd4 Rb3 37. a4 g6 38. Rd5 Ra3 39. a5 Kg7 40. Rcc5 Ra2 41.
h3 Re6 42. e5 Rc6 43. Kf1 Rb2 44. Kg1 Rxc5 45. Rxc5 b6 46. axb6 Rxb6 47. Ra5 Rb5
48. Rxa6 Rxe5 49. Kf2 Re6 50. Ra5 Kf6 51. f4 g5 52. fxg5+ hxg5 53. Kf3 Kg6 54.
Kg4 Re4+ 55. Kf3 Rf4+ 56. Kg3 f5 57. Ra6+ Kh5 58. Rf6 Rf1 59. Kh2 Rf4 60. g3 Rf2+
61. Kg1 Rf3 62. Kg2 g4 63. h4 f4 64. Rf5+ Kg6 65. Rxf4 Rxf4 66. gxf4 Kh6 67. Kg3
Kh5 68. f5 Kh6 69. Kxg4 Kg7 70. Kf4 Kf6 71. Ke4 Ke7 72. Ke5 Kf7 73. h5 Kg7 74.
Ke6 Kh7 75. Ke7 Kg7 76. f6+ Kh6 77. f7 Kh7 78. Ke8 Kh6 79. f8=Q+ Kxh5 80. Qg7
Kh4 81. Kf7 Kh5 82. Kf6 Kh4 83. Kf5 Kh3 84. Kf4 Kh2 85. Kf3 Kh1 86. Qg2# 1-0

[Event "DRUZYNOWE MISTRZOSTWA POLSKI JUNIOROW - II LIGA"]
[Site "Szczyrk, CKiR Orle Gniazdo ul. Wrzosowa 28a"]
[Date "2014-07-26"]
[Round "2.101"]
[White "Kopacka, Natalia"]
[Black "Jarmuzek, Karolina"]
[Result "0-1"]
[WhiteTitle "II+"]
[BlackTitle "I+"]
[WhiteElo "1294"]
[BlackElo "1742"]

1. e4 c5 2. Nf3 Nc6 3. d4 cxd4 4. Nxd4 Nf6 5. Nc3 d6 6. f3 e5 7. Nxc6 bxc6 8. Be3
Be6 9. Qd2 Be7 10. Be2 O-O 11. g4 d5 12. exd5 cxd5 13. Bg5 Rb8 14. b3 Bb4 15.
a3 Qa5 16. axb4 Qxa1+ 17. Nd1 e4 18. Bf4 Rbc8 19. O-O exf3 20. Nf2 Qc3 21. Qxc3
Rxc3 22. Bd3 Nxg4 23. Nxg4 Bxg4 24. Kf2 Bh5 25. Rg1 Bg6 26. Be5 Rc6 27. b5 Re6
28. Bd4 Rfe8 29. Kxf3 Be4+ 30. Bxe4 dxe4+ 31. Ke3 g6 32. Bxa7 R6e7 33. b6 Rd8
34. Rg2 f5 35. Re2 Kf7 36. c4 Rd3+ 37. Kf2 f4 38. c5 e3+ 39. Kf3 Rd2 40. c6 Rxe2
41. Kxe2 f3+ 42. Ke1 e2 43. b7 Re8 44. b8=Q f2+ 45. Bxf2 Rxb8 46. c7 Re8 47. Bh4
Ke6 48. Bd8 Kd7 49. b4 Kc8 50. b5 Re5 51. b6 Re6 52. Bh4 Rxb6 53. Bg3 Re6 54.
Bf4 Re7 55. Bg3 Rxc7 56. Bxc7 Kxc7 57. Kxe2 Kd6 58. Kf3 Ke5 59. Kg4 h6 60. h4
Ke4 61. h5 g5 62. Kg3 Kf5 63. Kf3 g4+ 64. Kg3 Kg5 65. Kg2 Kxh5 66. Kg3 Kg5 67.
Kg2 h5 68. Kg3 h4+ 69. Kg2 Kf4 70. Kf2 g3+ 71. Kg2 h3+ 72. Kf1 Kf3 0-1

[Event "DRUZYNOWE MISTRZOSTWA POLSKI JUNIOROW - II LIGA"]
[Site "Szczyrk, CKiR Orle Gniazdo ul. Wrzosowa 28a"]
[Date "2014-07-26"]
[Round "2.103"]
[White "Ruttar, Lukasz"]
[Black "Kaluzny, Tomasz"]
[Result "0-1"]
[WhiteTitle "II"]
[BlackTitle "I"]
[WhiteElo "1507"]
[BlackElo "1765"]

1. e4 c5 2. Nf3 Nc6 3. d4 cxd4 4. Nxd4 Nf6 5. Nc3 d6 6. Be3 Ng4 7. Bc1 Qb6 8. Nd5
Qxd4 9. Qxd4 Nxd4 10. Bd3 Kd8 11. h3 Ne5 12. Kd2 Nxd3 13. Kxd3 Nc6 14. f4 g6 15.
c3 Bg7 16. g4 b6 17. f5 Ne5+ 18. Ke2 Bb7 19. Bg5 Bxd5 20. exd5 Kd7 21. Rhf1 Rhf8
22. Rae1 Rae8 23. Kd2 Bf6 24. Bh6 Rg8 25. Bf4 gxf5 0-1

[Event "DRUZYNOWE MISTRZOSTWA POLSKI JUNIOROW - II LIGA"]
[Site "Szczyrk, CKiR Orle Gniazdo ul. Wrzosowa 28a"]
[Date "2014-07-26"]
[Round "2.104"]
[White "Kaluzny, Jan"]
[Black "Zarnowski, Krzysztof"]
[Result "0-1"]
[WhiteTitle "II"]
[BlackTitle "I+"]
[WhiteElo "1367"]
[BlackElo "1906"]

1. e4 c5 2. Nf3 e6 3. d4 cxd4 4. Nxd4 a6 5. Nc3 Qc7 6. a3 Nf6 7. Be3 b5 8. Bd3
Bb7 9. f3 d5 10. exd5 Nxd5 11. Nxd5 Bxd5 12. O-O Bd6 13. h3 O-O 14. Kh1 Rd8 15.
Qe1 Bg3 16. Qe2 Be5 17. Qf2 Nd7 18. Qh4 g6 19. c3 Bg7 20. Be4 Nb6 21. Bg5 Rd7
22. Bf6 Nc4 23. Bxd5 Rxd5 24. Bxg7 Kxg7 25. b3 Na5 26. Rac1 e5 27. Qg3 Qd7 28.
b4 exd4 29. bxa5 d3 30. c4 bxc4 31. Rxc4 d2 32. Rd1 Qb5 33. Qf4 Qb3 34. Rxd2 Rxd2
35. Qxd2 Qxc4 36. Qb2+ Kg8 37. Qb7 Rc8 38. Qe7 Qc1+ 39. Kh2 Qc7+ 0-1

[Event "DRUZYNOWE MISTRZOSTWA POLSKI JUNIOROW - II LIGA"]
[Site "Szczyrk, CKiR Orle Gniazdo ul. Wrzosowa 28a"]
[Date "2014-07-26"]
[Round "2.105"]
[White "Swider, Pawel"]
[Black "Niemier, Hubert"]
[Result "1-0"]
[WhiteTitle "II"]
[BlackTitle "II"]
[WhiteElo "1400"]
[BlackElo "1413"]

1. e4 c6 2. d4 d5 3. Nc3 dxe4 4. Nxe4 Nd7 5. Nf3 Ngf6 6. Nxf6+ Nxf6 7. Bc4 Bg4
8. h3 Bxf3 9. Qxf3 Qxd4 10. Qb3 Qe4+ 11. Be3 O-O-O 12. O-O Nd5 13. Bxd5 Rxd5 14.
Bxa7 Rg5 15. g3 e6 16. Qe3 Qxe3 17. Bxe3 Rb5 18. Bd4 Rd5 19. Rfd1 f6 20. Bc3 Bc5
21. Rxd5 exd5 22. Kf1 Re8 23. Re1 Rxe1+ 24. Kxe1 Kd7 25. Ke2 Ke6 26. g4 g5 27.
f3 d4 28. Be1 f5 29. Kd3 Ke5 30. Bg3+ f4 31. Be1 Kd5 32. b3 b6 33. a4 Bd6 34.
c3 Be5 35. c4+ Ke6 36. a5 bxa5 37. Bxa5 c5 38. b4 Bd6 39. bxc5 Bxc5 40. Ke4 Kd7
41. Kd5 Ba7 42. c5 d3 43. c6+ Ke7 44. Ke4 Bb6 45. Bb4+ Ke6 46. Kxd3 Kd5 47. Be7
h6 48. Bf8 Kxc6 49. Ke4 Bd8 50. Bxh6 Kc5 51. h4 gxh4 52. Bxf4 h3 53. Bh2 Kc6 54.
f4 Kd7 55. Kf3 Bh4 56. g5 Ke6 57. Kg4 Be1 58. f5+ 1-0

[Event "DRUZYNOWE MISTRZOSTWA POLSKI JUNIOROW - II LIGA"]
[Site "Szczyrk, CKiR Orle Gniazdo ul. Wrzosowa 28a"]
[Date "2014-07-26"]
[Round "2.107"]
[White "Ziemba, Magdalena"]
[Black "Walkowiak, Bogumila"]
[Result "1/2-1/2"]
[WhiteTitle "I"]
[BlackTitle "II"]
[WhiteElo "1589"]
[BlackElo "1240"]

1. d4 d5 2. c4 e6 3. Nc3 Nf6 4. Nf3 Be7 5. e3 Nbd7 6. b3 O-O 7. Bd3 b6 8. Qc2 Bb7
9. Bb2 Rc8 10. cxd5 exd5 11. Nb5 a6 12. Na7 Ra8 13. Nc6 Bxc6 14. Qxc6 Bd6 15.
O-O Re8 16. Bf5 Nf8 17. Ne5 Ng6 18. Bxg6 hxg6 19. f4 Qe7 20. Rae1 Qe6 21. Qc2
Ne4 22. Qd3 b5 23. Re2 Rac8 24. Rc1 Bxe5 25. fxe5 Qd7 26. Rec2 Re6 27. Ba3 f6
28. exf6 gxf6 29. Qe2 Nd6 30. Bxd6 Qxd6 31. Rc6 Qd7 32. Qc2 Rxc6 33. Qxc6 Qe7
34. Qxd5+ Kg7 35. e4 Re8 36. Rc6 Qxe4 37. Rxc7+ Kh6 38. Qxe4 Rxe4 39. d5 Rd4 40.
Rc6 Rxd5 41. Rxa6 f5 42. Ra5 Rd2 43. Rxb5 Rxa2 44. h3 Rb2 45. Kh2 Kg5 46. Kg3
Kh6 47. Kf3 Kg7 48. Rb6 Rb1 49. Kf4 Kh6 50. g4 Rf1+ 51. Kg3 fxg4 52. Kxg4 Rd1
53. Rb5 Rd4+ 54. Kg3 Rd3+ 55. Kg2 Rd2+ 56. Kg3 Rd3+ 57. Kg4 Rd4+ 58. Kg3 Rd3+
59. Kg2 Rd2+ 60. Kg1 Rd1+ 61. Kf2 Rd2+ 62. Ke1 Rh2 63. Rb8 Kg7 64. Rb7+ Kf6 65.
b4 Rxh3 66. b5 Rb3 67. b6 g5 68. Rb8 Ke7 69. b7 Kd7 70. Rg8 Rxb7 71. Rxg5 1/2-1/2

[Event "DRUZYNOWE MISTRZOSTWA POLSKI JUNIOROW - II LIGA"]
[Site "Szczyrk, CKiR Orle Gniazdo ul. Wrzosowa 28a"]
[Date "2014-07-26"]
[Round "2.108"]
[White "Ciesinska, Weronika"]
[Black "Pedrak, Paulina"]
[Result "1-0"]
[WhiteTitle "II"]
[BlackTitle "I"]
[WhiteElo "1369"]
[BlackElo "1395"]

1. e4 c5 2. Nc3 e6 3. f4 Nc6 4. Nf3 a6 5. g3 Nf6 6. d3 Be7 7. Bg2 d5 8. O-O O-O
9. e5 Nd7 10. Qe1 Qc7 11. Kh1 b5 12. Qf2 Bb7 13. g4 f6 14. exf6 Bxf6 15. Re1 Rae8
16. Ne2 e5 17. f5 e4 18. dxe4 Rxe4 19. Ng5 Bd4 20. Qh4 h6 21. Bxe4 dxe4 22. Ne6
Nce5 23. N2xd4 cxd4 24. Nxc7 e3+ 25. Kg1 Nf3+ 26. Kf1 Nxh4 27. Ne6 Bg2+ 28. Kg1
Nf3+ 29. Kxg2 Nxe1+ 30. Kf1 Nxc2 31. Nxf8 Nxa1 32. Nxd7 Nc2 33. Ke2 Nb4 34. a3
Na2 35. Bxe3 dxe3 36. Kxe3 Kf7 37. Nc5 a5 38. Nb7 a4 39. Nd6+ Kf6 40. Nxb5 Kg5
41. Kf3 Kh4 42. Nc3 Nc1 43. Nxa4 Nd3 44. b4 Ne5+ 45. Kg2 Kxg4 46. b5 Kxf5 47.
Nc5 Nc4 48. a4 Ke5 49. Kf3 Kd5 50. Nd3 Nb6 51. Nf4+ Kd6 52. a5 Nc4 53. a6 Kc5
54. a7 Nb6 55. Ne6+ Kd5 56. Nxg7 Na8 57. Nf5 Kc5 58. Nxh6 Kxb5 59. h4 Kb6 60.
h5 Kxa7 1-0

[Event "DRUZYNOWE MISTRZOSTWA POLSKI JUNIOROW - II LIGA"]
[Site "Szczyrk, CKiR Orle Gniazdo ul. Wrzosowa 28a"]
[Date "2014-07-26"]
[Round "2.109"]
[White "Bialucha, Sebastian"]
[Black "Szczecina, Kamil"]
[Result "0-1"]
[WhiteTitle "II"]
[BlackTitle "I"]
[WhiteElo "1333"]
[BlackElo "1889"]

1. e4 d6 2. d4 g6 3. Nf3 Bg7 4. h3 Nd7 5. c4 c5 6. d5 Ngf6 7. Nc3 O-O 8. Bd3 Ne5
9. Nxe5 dxe5 10. O-O Nh5 11. Be3 b6 12. Qd2 Qd6 13. Rac1 Nf4 14. Rfe1 g5 15. Bxf4
exf4 16. b3 Be5 17. Nb5 Qh6 18. Be2 a6 19. Na3 Bxh3 20. gxh3 Qxh3 21. Qd3 f3 0-1

[Event "DRUZYNOWE MISTRZOSTWA POLSKI JUNIOROW - II LIGA"]
[Site "Szczyrk, CKiR Orle Gniazdo ul. Wrzosowa 28a"]
[Date "2014-07-26"]
[Round "2.110"]
[White "Stemplewski, Kamil"]
[Black "Stasiowski, Karol"]
[Result "0-1"]
[WhiteTitle "II"]
[BlackTitle "II"]
[WhiteElo "1535"]
[BlackElo "1521"]

1. e4 e6 2. d4 d5 3. Nc3 dxe4 4. Nxe4 Bd7 5. Nf3 Bc6 6. Bd3 Nd7 7. Bf4 Ngf6 8.
Qe2 Be7 9. O-O O-O 10. Rad1 b6 11. c4 Bb7 12. Ng3 c5 13. dxc5 Bxc5 14. Ne5 Qe7
15. Nxd7 Nxd7 16. Bb1 Nf6 17. Bg5 h6 18. Bf4 Rfd8 19. Ne4 Rac8 20. Be5 Bxe4 21.
Bxe4 Bxf2+ 22. Rxf2 Rxd1+ 23. Qxd1 Nxe4 24. Qg4 f5 25. Qf4 Qc5 26. b3 Nxf2 27.
Bd4 Nd3 28. Qe3 Qd6 29. Qxd3 Rd8 0-1

[Event "DRUZYNOWE MISTRZOSTWA POLSKI JUNIOROW - II LIGA"]
[Site "Szczyrk, CKiR Orle Gniazdo ul. Wrzosowa 28a"]
[Date "2014-07-26"]
[Round "2.112"]
[White "Kulak, Tomasz"]
[Black "Ficek, Szymon"]
[Result "0-1"]
[WhiteTitle "II"]
[BlackTitle "II"]
[WhiteElo "1299"]
[BlackElo "1144"]

1. e4 e6 2. d3 d5 3. Nd2 c5 4. Ngf3 Nc6 5. g3 Bd6 6. Bg2 d4 7. O-O Nge7 8. Nc4
Bc7 9. c3 e5 10. Qc2 O-O 11. cxd4 exd4 12. Re1 Ng6 13. h4 Bg4 14. Bd2 Qc8 15.
Rab1 Bh3 16. b4 b6 17. bxc5 bxc5 18. Ng5 Bxg2 19. Kxg2 h6 20. Nf3 Qg4 21. Rb7
Be5 22. Rh1 h5 23. Ba5 Rab8 24. Rb3 Rxb3 25. Qxb3 Nf4+ 26. Kg1 Qxf3 27. gxf4 Bxf4
28. Qc2 Re8 29. Bd2 Bxd2 30. Qxd2 Rb8 31. Qc2 Kh7 32. a3 Re8 33. Qd2 Re6 34. Rh2
Rg6+ 35. Kf1 Qg4 36. Nd6 Qg1+ 37. Ke2 Qxh2 38. Nxf7 Rg2 39. Ng5+ Kg6 40. Ke1 Qg1+
41. Ke2 Rxf2# 0-1

[Event "DRUZYNOWE MISTRZOSTWA POLSKI JUNIOROW - II LIGA"]
[Site "Szczyrk, CKiR Orle Gniazdo ul. Wrzosowa 28a"]
[Date "2014-07-26"]
[Round "2.113"]
[White "Klisz, Karolina"]
[Black "Kotula, Magdalena"]
[Result "0-1"]
[WhiteTitle "I"]
[BlackTitle "I+"]
[WhiteElo "1440"]
[BlackElo "1613"]

1. e4 c5 2. d4 cxd4 3. c3 dxc3 4. Nxc3 Nc6 5. Bc4 e6 6. Nf3 Nf6 7. Bf4 Bb4 8. Qc2
Qa5 9. Rc1 Nxe4 10. Qxe4 d5 11. Bxd5 Qxd5 12. Qe2 Bxc3+ 13. bxc3 O-O 14. O-O Re8
15. Rfd1 Qh5 16. Qe3 f6 17. Bd6 e5 18. Nd2 f5 19. Qc5 Bd7 20. Nc4 Rac8 21. Qe3
f4 22. Qe4 Bf5 23. Qd5+ Be6 24. Qe4 Nd4 25. cxd4 Rxc4 26. Bxe5 Rec8 27. Qxf4 Qe2
28. Qg5 Qg4 29. Qxg4 Bxg4 30. Rxc4 Rxc4 31. Re1 Rc2 32. f3 Bd7 33. a3 Rc3 34.
Bd6 Rd3 35. Re4 Bc6 36. Rf4 h6 37. Kf2 Rd2+ 38. Kg3 Bb5 39. Kh3 Bd7+ 40. Kg3 Bb5
41. Kh3 Bd7+ 42. Kg3 g5 43. Rf8+ Kg7 44. Rd8 Bb5 45. Be5+ Kf7 46. f4 Rd3+ 47.
Kg4 Rxa3 48. fxg5 hxg5 49. Kxg5 Ra2 50. g4 a5 51. h4 a4 52. Ra8 Bc6 53. h5 Rg2
54. Kf4 b5 55. Ra7+ Ke8 56. h6 Rf2+ 57. Kg5 Be4 58. h7 Bxh7 59. Rxh7 a3 60. d5
b4 61. Rb7 Rd2 62. d6 Rd5 63. Kf6 a2 64. Ke6 Rxe5+ 65. Kxe5 a1=Q+ 66. Ke6 Qe1+
67. Kf6 Qh4+ 68. Kf5 Qf2+ 69. Ke6 Qe3+ 70. Kf6 Qd4+ 71. Ke6 Qe4+ 72. Kf6 Qxb7
0-1

[Event "DRUZYNOWE MISTRZOSTWA POLSKI JUNIOROW - II LIGA"]
[Site "Szczyrk, CKiR Orle Gniazdo ul. Wrzosowa 28a"]
[Date "2014-07-26"]
[Round "2.115"]
[White "Nun, Grzegorz"]
[Black "Kruszynski, Krzysztof"]
[Result "1-0"]
[WhiteTitle "I"]
[BlackTitle "II"]
[WhiteElo "1907"]
[BlackElo "1675"]

1. e4 e6 2. d3 d5 3. Nd2 c5 4. g3 dxe4 5. dxe4 g6 6. Bg2 Bg7 7. Ngf3 Ne7 8. O-O
Nbc6 9. Qe2 e5 10. c3 O-O 11. Rd1 Qc7 12. Nf1 b6 13. Ne3 Rd8 14. Rxd8+ Nxd8 15.
Nd5 Nxd5 16. exd5 Bb7 17. c4 f5 18. a4 Nf7 19. Ng5 Nxg5 20. Bxg5 Qd6 21. a5 h6
22. Bd2 b5 23. cxb5 Bxd5 24. Bxd5+ Qxd5 25. Rc1 e4 26. Qc4 Rd8 27. Be3 Bd4 28.
Qxd5+ Rxd5 29. Rd1 Kf7 30. b6 axb6 31. axb6 Rd6 32. b4 Rc6 33. b7 Be5 34. bxc5
g5 35. Rd8 f4 36. Bd4 Bc7 37. Rd7+ 1-0

[Event "DRUZYNOWE MISTRZOSTWA POLSKI JUNIOROW - II LIGA"]
[Site "Szczyrk, CKiR Orle Gniazdo ul. Wrzosowa 28a"]
[Date "2014-07-26"]
[Round "2.116"]
[White "Osinski, Kamil"]
[Black "Czerniawski, Krzysztof"]
[Result "1/2-1/2"]
[WhiteTitle "I"]
[BlackTitle "I"]
[WhiteElo "1815"]
[BlackElo "1761"]

1. e4 c5 2. Nf3 d6 3. d4 cxd4 4. Nxd4 Nf6 5. Nc3 Nc6 6. Bc4 e6 7. O-O Be7 8. Be3
O-O 9. Qe2 a6 10. a4 Qc7 11. f4 Bd7 12. Rae1 Rac8 13. Bb3 Na5 14. f5 Nxb3 15.
Nxb3 d5 16. exd5 Nxd5 17. Bd4 Bf6 18. Nxd5 Bxd4+ 19. Nxd4 exd5 20. f6 Rfe8 21.
Qf2 g6 22. Qh4 Qc5 23. Kh1 Rxe1 24. Rxe1 Re8 25. Rxe8+ Bxe8 26. c3 Qd6 27. Nf5
Qe5 28. Ne7+ Kh8 29. a5 h5 30. Qf2 Kh7 31. h3 Bd7 32. b4 Be6 33. h4 Qxc3 34. Qf4
Qe1+ 35. Kh2 Qe4 36. Qxe4 dxe4 37. Kg3 Kh6 38. Kf4 Bf5 39. g3 Kh7 40. Ke3 Kh6
41. Kf4 Kh7 1/2-1/2

[Event "DRUZYNOWE MISTRZOSTWA POLSKI JUNIOROW - II LIGA"]
[Site "Szczyrk, CKiR Orle Gniazdo ul. Wrzosowa 28a"]
[Date "2014-07-26"]
[Round "2.117"]
[White "Fudalej, Slawomir"]
[Black "Stanowski, Mateusz"]
[Result "1/2-1/2"]
[WhiteTitle "I"]
[BlackTitle "II"]
[WhiteElo "1615"]
[BlackElo "1336"]

1. d4 d5 2. c4 e6 3. Nc3 Nf6 4. cxd5 exd5 5. Bg5 Be7 6. Qc2 h6 7. Bh4 O-O 8. e3
b6 9. Bd3 Nbd7 10. Nge2 Bb7 11. f3 Re8 12. Bf2 c5 13. b3 Rc8 14. O-O a6 15. Qb2
Bd6 16. Rac1 Qc7 17. Ng3 h5 18. Rfe1 g6 19. e4 dxe4 20. fxe4 Bxg3 21. Bxg3 Qd8
22. d5 Ng4 23. h3 Nge5 24. Be2 Qg5 25. Bh2 b5 26. a4 b4 27. Nd1 Qh4 28. Nf2 Qf6
29. Nd3 Nxd3 30. Qxf6 Nxf6 31. Bxd3 Nd7 32. Bd6 Ne5 33. Bf1 Nd7 34. Kf2 f5 35.
exf5 Bxd5 36. Bxa6 Rxe1 37. Rxe1 Rc6 38. Re8+ Kg7 39. Re7+ Kf6 40. Rxd7 Rxa6 41.
Be7+ Ke5 42. Rxd5+ Kxd5 43. f6 Ke6 44. Bxc5 Ra8 45. Bxb4 Rb8 46. Bd2 Rxb3 47.
a5 Ra3 48. Bb4 Ra4 49. Bc3 Rc4 50. Bd2 Kxf6 51. Ke2 Ke5 52. Kd3 Ra4 53. Kc2 Kd5
54. Kb3 Ra1 55. g3 Kc5 56. Kb2 1/2-1/2

[Event "DRUZYNOWE MISTRZOSTWA POLSKI JUNIOROW - II LIGA"]
[Site "Szczyrk, CKiR Orle Gniazdo ul. Wrzosowa 28a"]
[Date "2014-07-26"]
[Round "2.121"]
[White "Kokoszczynski, Jan"]
[Black "Tomaka, Marek"]
[Result "1/2-1/2"]
[WhiteTitle "I"]
[BlackTitle "II"]
[WhiteElo "1753"]
[BlackElo "1623"]

1. d4 d5 2. Nc3 c6 3. e4 dxe4 4. Nxe4 Nd7 5. Nf3 Ndf6 6. Bd3 Bg4 7. c3 Nxe4 8.
Bxe4 Nf6 9. Bd3 e6 10. h3 Bxf3 11. Qxf3 Be7 12. Bd2 a6 13. O-O O-O 14. b4 Re8
15. Qe2 a5 16. a3 Bd6 17. f4 Qc7 18. g3 b6 19. c4 Qe7 20. bxa5 bxa5 21. c5 Bc7
22. Bc4 Qd7 23. Bc3 Nd5 24. Bd2 Bd8 25. Qf2 g6 26. g4 Bf6 27. Rad1 Ne7 28. Bc3
Nd5 29. Ba1 Rad8 30. Bd3 Bg7 31. Bc4 Bh6 32. Qg3 Qc7 33. Bxd5 Rxd5 34. Rd3 Bg7
35. Rfd1 Red8 36. Kg2 R8d7 37. Bc3 Qd8 38. Qe3 Rb7 39. Qd2 Rb3 40. Qc2 a4 41.
Kf3 1/2-1/2

[Event "DRUZYNOWE MISTRZOSTWA POLSKI JUNIOROW - II LIGA"]
[Site "Szczyrk, CKiR Orle Gniazdo ul. Wrzosowa 28a"]
[Date "2014-07-26"]
[Round "2.122"]
[White "Modlich, Kacper"]
[Black "Piotrowicz, Jakub"]
[Result "0-1"]
[WhiteTitle "II+"]
[BlackTitle "II"]
[WhiteElo "1591"]
[BlackElo "1388"]

1. e4 e5 2. Nf3 d5 3. exd5 e4 4. Qe2 Nf6 5. h3 Be7 6. Nd4 Qxd5 7. Nb3 O-O 8. Nc3
Qc6 9. Qe3 Bf5 10. Nd4 Qd7 11. Nxf5 Qxf5 12. Bc4 Re8 13. O-O Nc6 14. Re1 Bc5 15.
Qe2 Nd4 16. Qd1 Nxc2 17. g4 Qxf2+ 18. Kh1 Nxe1 19. Qxe1 Qxe1+ 20. Bf1 Qxf1+ 21.
Kh2 Qg1# 0-1

[Event "DRUZYNOWE MISTRZOSTWA POLSKI JUNIOROW - II LIGA"]
[Site "Szczyrk, CKiR Orle Gniazdo ul. Wrzosowa 28a"]
[Date "2014-07-26"]
[Round "2.123"]
[White "Rylski, Mateusz"]
[Black "Ulatowski, Jakub"]
[Result "0-1"]
[WhiteTitle "II"]
[BlackTitle "II"]
[WhiteElo "1347"]
[BlackElo "1477"]

1. e4 c5 2. d4 cxd4 3. c3 d3 4. c4 Nc6 5. Bxd3 g6 6. Nc3 Nf6 7. Be3 Bg7 8. Qd2
O-O 9. Nf3 d6 10. h3 Nd7 11. O-O Nde5 12. Nxe5 Nxe5 13. f4 Nxd3 14. Qxd3 Bd7 15.
Rad1 Bc6 16. b4 b6 17. b5 Bb7 18. f5 Rc8 19. Nd5 Bxd5 20. Qxd5 Qc7 21. Rc1 Qd7
22. Rf3 e6 23. Qd3 exf5 24. exf5 Qe7 25. Bd4 Bxd4+ 26. Qxd4 Qe5 27. Qd3 d5 28.
f6 dxc4 29. Rxc4 Rcd8 30. Qb1 Rd5 31. a4 Rfd8 32. Rf1 Qg3 33. Qc1 Rh5 34. Rc8
Qd6 35. Rxd8+ Qxd8 36. Qe3 Rc5 37. Qa3 Qd4+ 38. Kh1 Qd8 39. Qf3 Rf5 40. Qe2 Qxf6
41. Rxf5 Qxf5 42. Qe8+ Kg7 43. Qa8 Qf1+ 44. Kh2 Qf4+ 45. Kh1 Qxa4 46. Qd5 Qf4
47. Qb3 Qf1+ 48. Kh2 Qf4+ 49. Kh1 Qf1+ 50. Kh2 Qf4+ 51. Kh1 Qe5 52. Qa4 Kf6 53.
Qc4 Ke7 54. Qb4+ Kd7 55. Qg4+ f5 56. Qa4 Qe1+ 57. Kh2 Qe5+ 58. Qf4 Qxf4+ 0-1

[Event "DRUZYNOWE MISTRZOSTWA POLSKI JUNIOROW - II LIGA"]
[Site "Szczyrk, CKiR Orle Gniazdo ul. Wrzosowa 28a"]
[Date "2014-07-26"]
[Round "2.125"]
[White "Golecka, Jadwiga"]
[Black "Hryn, Zofia"]
[Result "0-1"]
[WhiteTitle "II"]
[BlackTitle "II"]
[WhiteElo "1067"]
[BlackElo "1320"]

1. e4 c5 2. Nf3 d6 3. d4 cxd4 4. Nxd4 Nf6 5. Nc3 a6 6. f4 e6 7. a3 Qc7 8. Bd3 Nc6
9. Nf3 Be7 10. O-O O-O 11. Re1 b5 12. b4 Nxb4 13. axb4 Qxc3 14. Bd2 Qc7 15. Qe2
Bb7 16. Rac1 Qd7 17. Qf2 Rfc8 18. Qg3 g6 19. Nh4 Nh5 20. Qg4 Bxh4 21. Qxh4 Ng7
22. Qg4 d5 23. e5 Qc6 24. Rf1 Qb6+ 25. Kh1 Re8 26. Rf3 Rac8 27. Rh3 Nf5 28. Be1
Qd8 29. Bh4 h5 30. Bf6 Qxf6 31. Rxh5 Qg7 32. Rg5 Rc6 33. Rf1 Ne3 34. Qe2 Nxf1
35. Qxf1 Kf8 36. Qe2 Rec8 37. f5 exf5 38. Bxf5 R8c7 39. Qf2 Bc8 40. Bd3 f5 41.
Qf4 Re7 42. g4 Qxe5 43. Qf2 Qe1+ 44. Kg2 Qxf2+ 45. Kxf2 fxg4 46. Bxg6 Rf6+ 47.
Kg3 Rg7 48. Rxd5 Rgxg6 49. Rd8+ Ke7 50. Rxc8 Kd7 51. Rc3 Rc6 52. Rd3+ Rcd6 53.
Rxd6+ Rxd6 54. Kxg4 Rd4+ 55. Kg3 Rxb4 56. h4 a5 57. h5 Ke7 58. c3 Rc4 59. h6 Kf7
60. h7 Kg7 0-1

[Event "DRUZYNOWE MISTRZOSTWA POLSKI JUNIOROW - II LIGA"]
[Site "Szczyrk, CKiR Orle Gniazdo ul. Wrzosowa 28a"]
[Date "2014-07-26"]
[Round "2.127"]
[White "Kalmuk, Krzysztof"]
[Black "Hladun, Bartlomiej"]
[Result "1-0"]
[WhiteTitle "I"]
[BlackTitle "II"]
[WhiteElo "1934"]
[BlackElo "1295"]

1. Nf3 Nf6 2. c4 d6 3. Nc3 e5 4. g3 g6 5. Bg2 Bg7 6. O-O O-O 7. d3 Nbd7 8. Rb1
a5 9. a3 c6 10. b4 axb4 11. axb4 Re8 12. Qc2 Nh5 13. Ne4 Qe7 14. c5 d5 15. Nd6
Rd8 16. e4 Bf8 17. exd5 cxd5 18. Ng5 Ndf6 19. Ngxf7 Qc7 20. Qb3 Rxd6 21. Nxd6
Bxd6 22. cxd6 Qxd6 23. Re1 Bf5 24. Bb2 Re8 25. Ra1 e4 26. dxe4 Bxe4 27. f3 Nxg3
28. hxg3 Qxg3 29. Bxf6 Rf8 30. Rxe4 Rxf6 31. Qxd5+ Kg7 32. Qe5 Qxe5 33. Rxe5 h5
34. Re7+ Kh6 35. Rxb7 1-0

[Event "DRUZYNOWE MISTRZOSTWA POLSKI JUNIOROW - II LIGA"]
[Site "Szczyrk, CKiR Orle Gniazdo ul. Wrzosowa 28a"]
[Date "2014-07-26"]
[Round "2.129"]
[White "Koszewski, Daniel"]
[Black "Mackowiak, Filip"]
[Result "1-0"]
[WhiteTitle "II"]
[BlackTitle "II"]
[WhiteElo "1511"]
[BlackElo "1300"]

1. e4 e6 2. d3 d5 3. Nd2 Nf6 4. Ngf3 Bc5 5. exd5 exd5 6. d4 Bb6 7. Bd3 O-O 8. O-O
Bg4 9. c3 Nbd7 10. Re1 Re8 11. Rxe8+ Qxe8 12. Nf1 Ne4 13. Ne3 Ndf6 14. h3 Bh5
15. Be2 c6 16. Ne5 Bxe2 17. Qxe2 Bc7 18. Nd3 Qe6 19. Nf1 Re8 20. Be3 b6 21. Re1
c5 22. dxc5 Nxc5 23. Nxc5 bxc5 24. Qb5 d4 25. Bd2 Qc8 26. Rxe8+ Nxe8 27. cxd4
cxd4 28. Bb4 h6 29. Qc5 Qd7 30. Qc4 Nf6 31. Bc5 d3 32. Be3 Qd6 33. a4 Ba5 34.
Qc8+ Qd8 35. Qxd8+ Bxd8 36. f3 a6 37. Kf2 Ba5 38. Bd2 Bb6+ 39. Be3 Bxe3+ 40. Kxe3
Nd5+ 41. Kxd3 Nf4+ 42. Kc4 Nxg2 43. b4 Kf8 44. Kc5 Nf4 45. b5 axb5 46. Kxb5 Ke7
47. a5 Kd7 48. a6 Kc7 49. Ne3 Ne6 50. Nd5+ Kb8 51. Kb6 g5 52. a7+ Ka8 53. Ka6
f5 1-0

[Event "DRUZYNOWE MISTRZOSTWA POLSKI JUNIOROW - II LIGA"]
[Site "Szczyrk, CKiR Orle Gniazdo ul. Wrzosowa 28a"]
[Date "2014-07-26"]
[Round "2.131"]
[White "Sendobry, Anna"]
[Black "Wyrzykowska, Aleksandra"]
[Result "1-0"]
[WhiteTitle "II"]
[BlackTitle "II"]
[WhiteElo "1368"]
[BlackElo "1080"]

1. e4 c5 2. Nf3 Nc6 3. d4 cxd4 4. Nxd4 e5 5. Nf3 Nf6 6. Bc4 d6 7. Nc3 Be6 8. Bb3
Be7 9. O-O O-O 10. Be3 Rc8 11. Qe2 Qc7 12. Rfd1 Rfd8 13. Ng5 Bxb3 14. axb3 a6
15. Qc4 Bf8 16. f3 h6 17. Nh3 Ne7 18. Qxc7 Rxc7 19. Bb6 Rcd7 20. Bxd8 Rxd8 21.
Nf2 d5 22. exd5 Nexd5 23. Ra5 b5 24. Rxa6 Be7 25. Nxb5 Nb4 26. Rxd8+ Bxd8 27.
Ra8 Nc6 28. Nd3 Kh7 29. Nxe5 Bb6+ 30. Kf1 Nxe5 31. Nd6 Bd4 32. c3 Bc5 33. Nb7
Ned7 34. Ke2 Bg1 35. h3 Nc5 36. Nd6 Kg6 37. b4 Nb3 38. c4 Nd4+ 39. Kd3 Nf5 40.
Nxf5 Kxf5 41. Rf8 Ke6 42. b5 Bc5 43. Rc8 Nd7 44. Kc3 Kd6 45. b4 Bb6 46. Rc6+ Ke7
47. c5 Ba7 48. Rc8 Ne5 49. b6 Bxb6 50. cxb6 Nd7 51. b7 Ke6 52. Kd4 Kf5 53. Rd8
Ne5 54. Kd5 Nd3 55. b8=Q Nf4+ 56. Qxf4+ Kxf4 57. Rd7 g5 58. Rxf7+ Kg3 59. Rh7
Kxg2 60. Rxh6 1-0